01012nam a2200289 450000100060000000300080000600500170001400800390003102000150007003500190008504000340010404100080013808200240014610000400017024501150021025000220032526000610034730000280040835000090043650000280044550400310047350400200050465000200052494200120054499900170055695201490057332019BD-RjUL20211209051759.0140423r19771969vtu b 001 0 eng a0804806934 a(BD-RjUL)32108 aDLCcDLCdDLCdBD-RjUL beng aeng00a394.70952bNIB 19771 aNitobe, Inazō,d1862-1933.99746300aBushido :bthe soul of Japan ; an exposition of Japanese thought /cWith an introd. by William Elliot Griffis. aRev. and enl. ed. aRutland, Vt. :bC. E. Tuttle Co.,c[1969 [printing 1977] axxiii, 203 p. ;c19 cm. a3.00 aReprint of the 1905 ed. aBibliographical footnotes. aIncludes index. 0aBushido.997464 2ddccBK c32019d32019 00102ddc40718NFICaRUCLbRUCLcReadingd1979-04-24eJapan foundationg0.00l0o394.70952 NIB 1977r2014-04-23 00:00:00tC-1w2014-04-23yBK